[Event "Druzynowe Mistrzostwa Polski II Liga"]
[Site "Szklarska Poreba"]
[Date "1899-12-30"]
[Round "5.78"]
[White "Wierzbowska, Aleksandra"]
[Black "Pyzio, Amelia"]
[Result "1-0"]
[WhiteTitle "I+"]
[BlackTitle "I+"]
[WhiteElo "1694"]
[BlackElo "1620"]

1. d4 d5 2. c4 c6 3. e3 Bf5 4. Nc3 e6 5. Nf3 Nf6 6. Be2 Be7 7. O-O O-O 8. a3 a5
9. c5 b6 10. cxb6 Qxb6 11. Na4 Qc7 12. Bd2 Nbd7 13. Rc1 Qb7 14. Rc3 Ne4 15. Rb3
Qc7 16. Qc1 Rfc8 17. Ne5 Nxe5 18. dxe5 Rcb8 19. Rxb8+ Rxb8 20. Be1 Qxe5 21. Qxc6
Bd6 22. f4 Qf6 23. Bf3 Qg6 24. Bxa5 d4 25. Bc7 Rc8 26. Rc1 h6 27. Qb7 e5 28. exd4
Rxc7 29. Rxc7 Bxc7 30. Qxc7 exd4 31. Qd8+ Kh7 32. Qxd4 Nf6 33. b4 Ng4 34. Qb6
Be6 35. Nc3 Nf6 36. Qd4 Kh8 37. Ne4 Bf5 38. Nxf6 gxf6 39. Qd8+ Kg7 40. b5 Be4
41. Kf2 Qf5 42. Bxe4 Qxe4 43. Qd6 Qc2+ 44. Ke3 Qc1+ 45. Kd4 Qb2+ 46. Kc4 Qa2+
47. Kb4 Qb2+ 48. Ka5 Qc3+ 49. Qb4 Qc8 50. b6 Qa8+ 51. Kb5 Qd5+ 52. Qc5 Qd3+ 53.
Kc6 Qe4+ 54. Kd7 Qb7+ 55. Qc7 Qd5+ 56. Kc8 Qa8+ 57. Qb8 Qc6+ 58. Qc7 Qa8+ 59.
Kd7 Qd5+ 60. Qd6 Qb7+ 61. Kd8 Qa8+ 62. Kc7 Qa5 63. Kb8 Qa6 64. f5 h5 65. h4 Qa4
66. b7 Qa5 67. Kc8 Qxf5+ 68. Kc7 Qa5+ 69. Kd7 Qb5+ 70. Qc6 Qf5+ 71. Kc7 Qe5+ 72.
Kb6 Qb2+ 73. Qb5 Qd4+ 74. Ka5 Qa7+ 75. Kb4 Qd4+ 76. Kb3 Qe3+ 77. Kc4 Qe4+ 78.
Kc5 Qe5+ 79. Kc6 Qe8+ 80. Kb6 Qe3+ 81. Kc7 Qe7+ 82. Kc8 Qe6+ 83. Qd7 Qc4+ 84.
Kd8 Qb3 85. a4 Qb6+ 86. Kc8 Qc5+ 87. Kb8 Qe5+ 88. Kc8 Qc5+ 89. Qc7 Qf5+ 90. Kb8
Qe6 91. a5 1-0

[Event "Druzynowe Mistrzostwa Polski II Liga"]
[Site "Szklarska Poreba"]
[Date "1899-12-30"]
[Round "5.79"]
[White "Voloshin, Leonid"]
[Black "Smagalski, Slawomir"]
[Result "1-0"]
[WhiteTitle "GM"]
[BlackTitle "I+"]
[WhiteElo "2345"]
[BlackElo "1908"]

1. d4 Nf6 2. c4 e6 3. Nf3 b6 4. g3 Ba6 5. Qc2 Bb4+ 6. Bd2 Be7 7. e4 Bb7 8. Bd3
d6 9. O-O c5 10. d5 e5 11. Nh4 Bc8 12. Nf5 Bf8 13. f4 Nbd7 14. Qa4 Qc7 15. fxe5
dxe5 16. Nc3 Qb8 17. Rf3 a6 18. Raf1 Ra7 19. g4 b5 20. Qc2 bxc4 21. Be2 Nb6 22.
h3 h5 23. g5 Ng8 24. a4 Ne7 25. a5 Na8 26. Nh4 Ng6 27. Nxg6 fxg6 28. Bxc4 Bd6
29. b3 Rf8 30. Rxf8+ Bxf8 31. Qd3 Bd6 32. Qf3 Qc7 33. Na4 Qf7 34. Qxf7+ Rxf7 35.
Rxf7 Kxf7 36. Be3 Nc7 37. Nxc5 Ke8 38. Kg2 Kd8 39. b4 Ke8 40. Bc1 Kd8 41. Bb2
Ke7 42. Nd3 Bd7 43. Bxe5 Bxe5 44. Nxe5 Be8 45. Nd3 Bb5 46. Bxb5 Nxb5 47. Nc5 Kd6
48. Nxa6 Ke5 49. Nc5 Kf4 50. h4 1-0

[Event "Druzynowe Mistrzostwa Polski II Liga"]
[Site "Szklarska Poreba"]
[Date "1899-12-30"]
[Round "5.80"]
[White "Zakoscielna, Kinga"]
[Black "Pajak, Jakub"]
[Result "1-0"]
[WhiteTitle "WFM"]
[BlackTitle "I++"]
[WhiteElo "2070"]
[BlackElo "1922"]

1. e4 c5 2. Nf3 Nc6 3. d4 cxd4 4. Nxd4 g6 5. Nc3 Bg7 6. Be3 Nf6 7. Bc4 O-O 8. Bb3
Re8 9. f3 e6 10. O-O d5 11. exd5 Nxd5 12. Nxd5 exd5 13. Bf2 Qg5 14. Kh1 Nxd4 15.
Bxd4 Bxd4 16. Qxd4 Re2 17. Rf2 Rxf2 18. Qxf2 Be6 19. Rd1 b6 20. Qd4 Rc8 21. c3
Rc5 22. Bc2 Rc4 23. Qf2 Qf6 24. a3 Kg7 25. Bb1 h5 26. Ba2 Rc5 27. Kg1 Qe5 28.
Qd4 Qxd4+ 29. Rxd4 Kf6 30. f4 a5 31. Kf2 Kf5 32. Ke3 Kg4 33. Kd2 h4 34. Bb3 Kf5
35. Ba2 Kg4 36. Ke3 Kf5 37. g3 hxg3 38. hxg3 Kg4 39. Kf2 g5 40. fxg5+ Kxg5 41.
Ke3 Kf5 42. Rh4 Rc8 43. Kd4 Rg8 44. Rf4+ Kg5 45. Bxd5 Bxd5 46. Kxd5 f5 47. Kd4
Rd8+ 48. Ke3 Rd1 49. Rd4 Rb1 50. Rd2 Kg4 51. Kf2 Kg5 52. a4 Kg4 53. b4 axb4 54.
Rd4+ Kg5 55. cxb4 Ra1 56. b5 Ra3 57. Kg2 Ra2+ 58. Kh3 Ra3 59. Rc4 Ra2 60. Rc6
Rxa4 61. Rxb6 Ra3 62. Rb8 f4 63. b6 Rxg3+ 64. Kh2 Rb3 65. b7 Rb2+ 66. Kg1 Rb1+
67. Kf2 Rb2+ 68. Ke1 Rb1+ 69. Kd2 Rb2+ 70. Kc1 Rb6 71. Rg8+ Kh4 72. b8=Q Rxb8
73. Rxb8 Kg3 74. Kd1 Kf2 75. Rf8 f3 76. Kd2 Kg2 77. Ke1 1-0

[Event "Druzynowe Mistrzostwa Polski II Liga"]
[Site "Szklarska Poreba"]
[Date "1899-12-30"]
[Round "5.81"]
[White "Sielicki, Tomasz"]
[Black "Walaszczyk, Witold"]
[Result "1/2-1/2"]
[WhiteTitle "I++"]
[BlackTitle "k"]
[WhiteElo "1968"]
[BlackElo "2136"]

1. d4 Nf6 2. Bf4 c5 3. d5 d6 4. Nc3 g6 5. e4 Bg7 6. Nf3 O-O 7. Be2 a6 8. a4 Nh5
9. Bg5 h6 10. Be3 Nd7 11. O-O b6 12. Nd2 Nhf6 13. f4 Qc7 14. Nc4 Rb8 15. e5 dxe5
16. fxe5 Nxe5 17. Nxe5 Qxe5 18. Bf4 Qd4+ 19. Qxd4 cxd4 20. Bxb8 dxc3 21. Be5 cxb2
22. Bxb2 Nxd5 23. Bxg7 Kxg7 24. Bd3 f5 25. Rfe1 Kf6 26. Rab1 e6 27. c4 Nc3 28.
Rxb6 Nxa4 29. Rb8 Nc5 30. Bf1 Rd8 31. Ra1 g5 32. Ra5 Nd7 33. Ra8 Nb6 34. Rb8 Nd7
35. Ra8 Nb6 36. Rb8 Nd7 1/2-1/2

[Event "Druzynowe Mistrzostwa Polski II Liga"]
[Site "Szklarska Poreba"]
[Date "1899-12-30"]
[Round "5.82"]
[White "Swiatnicki, Andrzej"]
[Black "Koziol, Pawel"]
[Result "1/2-1/2"]
[WhiteTitle "k"]
[BlackTitle "I++"]
[WhiteElo "2028"]
[BlackElo "1910"]

1. e4 g6 2. d4 Bg7 3. Bc4 d6 4. Nc3 Nf6 5. Qe2 c6 6. a4 a5 7. e5 dxe5 8. dxe5 Nd5
9. Bd2 Na6 10. Nxd5 cxd5 11. Bb5+ Kf8 12. Nf3 Bg4 13. Bc3 Nc7 14. O-O h6 15. Rfe1
Kg8 16. h3 Bxf3 17. Qxf3 Nxb5 18. axb5 e6 19. Ra4 b6 20. Rea1 Qc7 21. Qe3 Kh7
22. b4 Rhc8 23. Bd4 Rab8 24. bxa5 bxa5 25. Rxa5 Qxc2 26. b6 Rc4 27. Ra7 Kg8 28.
Ra8 Rxa8 29. Rxa8+ Kh7 30. Kh2 Rb4 31. Ra7 Qd1 32. b7 Qb1 33. Ra1 Qf5 34. Ra7
Qb1 1/2-1/2

[Event "Druzynowe Mistrzostwa Polski II Liga"]
[Site "Szklarska Poreba"]
[Date "1899-12-30"]
[Round "5.83"]
[White "Szymczak, Rafal"]
[Black "Smagalski, Jaroslaw"]
[Result "1/2-1/2"]
[WhiteTitle "k"]
[BlackTitle "I"]
[WhiteElo "1956"]
[BlackElo "1868"]

1. f4 d5 2. Nf3 g6 3. e3 Bg7 4. Be2 Nh6 5. O-O O-O 6. d4 Nf5 7. c4 c6 8. Nc3 b6
9. Bd2 Bb7 10. b4 dxc4 11. Bxc4 c5 12. bxc5 bxc5 13. Rb1 cxd4 14. exd4 Bxd4+ 15.
Kh1 Bxc3 16. Rxb7 Bxd2 17. Qxd2 Qxd2 18. Nxd2 Rd8 19. Rf2 Nc6 20. Rb1 Rd4 21.
g3 Rad8 22. Rb2 Ne3 23. Bb3 Na5 24. Re2 Nxb3 25. axb3 Rd3 26. Kg1 e6 27. Ra2 Nd5
28. Rc2 Nc3 29. Rf2 Nd1 30. Re2 Nc3 31. Rf2 Nd1 32. Re2 Nc3 33. Rf2 1/2-1/2

[Event "Druzynowe Mistrzostwa Polski II Liga"]
[Site "Szklarska Poreba"]
[Date "1899-12-30"]
[Round "5.84"]
[White "Bukowska, Katarzyna"]
[Black "Baranska, Monika"]
[Result "1/2-1/2"]
[WhiteTitle "k++"]
[BlackTitle "I++"]
[WhiteElo "1912"]
[BlackElo "1735"]

1. e4 e6 2. d4 d5 3. Nd2 c5 4. exd5 Qxd5 5. Ngf3 cxd4 6. Bc4 Qd6 7. O-O Nf6 8.
Nb3 Nc6 9. Nbxd4 Nxd4 10. Nxd4 a6 11. c3 Be7 12. Qe2 O-O 13. Rd1 Qc7 14. Bb3 e5
15. Nf3 e4 16. Nd4 Bg4 17. f3 exf3 18. Nxf3 Bc5+ 19. Kf1 Rfe8 20. Qc2 Bh5 21.
Bd5 Ng4 22. g3 Ne3+ 23. Bxe3 Rxe3 24. Qf5 Bxf3 25. Bxf3 Rae8 26. Kg2 R3e7 27.
Rd2 g6 28. Qd5 Ba7 29. Rad1 Qb6 30. Qd4 Qxd4 31. cxd4 Rd8 32. d5 Bb8 33. Re2 Rxe2+
34. Bxe2 Kf8 35. Kf3 Ke7 36. Ke4 Kd6 37. Bf3 Rc8 38. Rd2 Ke7 39. Kd3 Bd6 40. Re2+
Kd7 41. Rc2 1/2-1/2

[Event "Druzynowe Mistrzostwa Polski II Liga"]
[Site "Szklarska Poreba"]
[Date "1899-12-30"]
[Round "5.85"]
[White "Brzezinski, Mateusz"]
[Black "Karwowski, Kacper"]
[Result "1-0"]
[WhiteTitle "k"]
[BlackTitle "k"]
[WhiteElo "2119"]
[BlackElo "2238"]

1. d4 Nf6 2. Bf4 g6 3. e3 Bg7 4. Nf3 O-O 5. h3 c5 6. c3 b6 7. Be2 Bb7 8. O-O d6
9. Nbd2 Nbd7 10. a4 cxd4 11. exd4 Re8 12. Bh2 Qc7 13. Qb3 e5 14. Bc4 Re7 15. Rfe1
Bh6 16. Re2 Rae8 17. Rae1 Kf8 18. g4 Bxd2 19. Nxd2 Qc6 20. f3 a6 21. Qb4 Kg7 22.
Bd3 Nd5 23. Qc4 Nc7 24. Qxc6 Bxc6 25. Be4 d5 26. Bc2 f6 27. f4 e4 28. f5 Nb8 29.
Nf1 b5 30. Ra1 Na8 31. Ne3 Nb6 32. axb5 Bxb5 33. Ree1 Nc6 34. Bd6 Rb7 35. Bc5
Ne7 36. b3 Nec8 37. Kf2 Rd8 38. Reb1 Nd7 39. Bb4 Ncb6 40. Ba5 Rc8 41. Ke1 Ra7
42. Kd2 h5 43. fxg6 hxg4 44. Nf5+ Kxg6 45. Ne7+ Kg5 46. Nxc8 Nxc8 47. Rg1 f5 48.
Bd8+ Nf6 49. hxg4 f4 50. c4 Bc6 51. Bxe4 dxe4 52. Ra5+ Kg6 53. Bxf6 Kxf6 54. Rf5+
Kg7 55. d5 Ne7 56. dxc6 Nxf5 57. gxf5+ Kf6 58. b4 Ke5 59. f6 Rf7 60. b5 axb5 61.
cxb5 Kd4 62. Rc1 f3 63. c7 e3+ 64. Ke1 Rh7 65. Rc4+ Kd3 66. Rc3+ Kd4 67. Rc4+
Kd3 68. Rc3+ Kd4 69. Kd1 Rh1+ 70. Kc2 f2 71. c8=Q Rc1+ 72. Kxc1 f1=Q+ 73. Kb2
Qe2+ 74. Ka3 Qxb5 75. Qc5+ Qxc5+ 76. Rxc5 Kxc5 77. f7 Kc4 78. f8=Q e2 79. Qf2
Kd3 80. Qe1 1-0

[Event "Druzynowe Mistrzostwa Polski II Liga"]
[Site "Szklarska Poreba"]
[Date "1899-12-30"]
[Round "5.86"]
[White "Sapis, Witalis"]
[Black "Kujawski, Adam"]
[Result "1/2-1/2"]
[WhiteTitle "IM"]
[BlackTitle "k"]
[WhiteElo "2388"]
[BlackElo "2245"]

1. Nf3 c5 2. g3 Nc6 3. Bg2 e5 4. e4 d6 5. O-O h5 6. c3 Bg4 7. h3 Bxf3 8. Qxf3 h4
9. d3 g6 10. Na3 Bh6 11. Nc4 Bxc1 12. Raxc1 Kf8 13. Qe3 b5 14. Nd2 Kg7 15. Nf3
Nf6 16. d4 hxg3 17. fxg3 cxd4 18. cxd4 Qb6 19. Rxc6 Qxc6 20. dxe5 dxe5 21. Nxe5
Qb6 22. Qxb6 axb6 23. Nxf7 Kxf7 24. e5 Rad8 25. Rxf6+ Ke7 26. Rxg6 Rd1+ 27. Kh2
Rh5 28. h4 Rxe5 29. Rxb6 Rd2 30. Kh3 Rxb2 31. Bf1 Kd7 32. a4 b4 33. Bb5+ Kc7 34.
Rc6+ Kb7 35. Rc4 Kb6 36. Rc6+ Kb7 37. Rc4 Rb3 38. Rf4 Kb6 39. Rc4 Ree3 40. Rc6+
Kb7 41. Rg6 Ra3 42. Rg4 b3 43. Rb4 Kb6 44. Bd7+ Kc5 45. Rb8 Kd6 46. Bf5 Rxa4 47.
h5 Ra5 48. Kg4 Ra4+ 49. Kh3 Kc7 50. Rb5 Ra1 51. Kg4 Rg1 52. h6 Rgxg3+ 53. Kf4
Ref3+ 54. Ke4 Rf2 55. h7 Rh2 56. Kf4 Rc3 57. Be4 Rc4 58. Rxb3 Rh4+ 59. Kf3 Rcxe4
60. h8=Q Rxh8 61. Kxe4 1/2-1/2

[Event "Druzynowe Mistrzostwa Polski II Liga"]
[Site "Szklarska Poreba"]
[Date "1899-12-30"]
[Round "5.87"]
[White "Gralka, Przemyslaw"]
[Black "Rudnicki, Milosz"]
[Result "1/2-1/2"]
[WhiteTitle "k"]
[BlackTitle "k"]
[WhiteElo "2221"]
[BlackElo "2164"]

1. d4 Nf6 2. Bf4 e6 3. e3 b6 4. Nf3 Be7 5. h3 Bb7 6. Nbd2 O-O 7. Bd3 d5 8. Ne5
c5 9. c3 Nbd7 10. Qf3 Qc8 11. g4 Nxe5 12. Bxe5 Qc6 13. g5 Ne4 14. Qh5 Bd6 15.
Rg1 Bxe5 16. dxe5 g6 17. Qh6 Nxd2 18. Kxd2 Kh8 19. Rg4 Rg8 20. h4 Qc7 21. f4 Rad8
22. h5 d4 23. exd4 cxd4 24. c4 Rg7 25. hxg6 fxg6 26. Qh3 Qc6 27. Re1 Qa4 28. Ra1
b5 29. b3 Qb4+ 30. Ke2 Qc3 31. Rd1 bxc4 32. bxc4 Ba6 33. Rd2 Rb8 34. Rg3 Rb2 35.
Rxb2 Qxb2+ 36. Kf3 Bb7+ 37. Kg4 Qxa2 38. Kh4 Re7 39. Kg4 Kg8 40. Qf1 Rf7 41. Qe2
Qa1 42. Qf1 Qa4 43. Rg1 Qc6 44. Qf2 a5 45. Ra1 a4 46. Bc2 Ba6 47. Bd3 Rd7 48.
Qf3 Bb7 49. Qf2 Rd8 50. Ra3 Qh1 51. Kg3 Bc6 52. Bf1 Rb8 53. Bh3 Kf7 54. Qxd4 Qe1+
55. Kh2 Qe2+ 56. Kg3 Qe1+ 57. Kh2 Qb4 58. Ra2 a3 59. Qa7+ Rb7 60. Qxa3 Qxc4 61.
Rf2 Qd4 62. Qa2 Bd5 63. Qd2 Qc4 64. Qc2 Qd4 65. Qd2 Qc4 66. Qc2 Qd4 1/2-1/2

[Event "Druzynowe Mistrzostwa Polski II Liga"]
[Site "Szklarska Poreba"]
[Date "1899-12-30"]
[Round "5.88"]
[White "Gosciniak, Bartlomiej"]
[Black "Mazalon, Mariusz"]
[Result "1/2-1/2"]
[WhiteTitle "I"]
[BlackTitle "k"]
[WhiteElo "1905"]
[BlackElo "2066"]

1. d4 d5 2. c4 e6 3. Nf3 c5 4. e3 Nf6 5. Nc3 Nc6 6. Be2 a6 7. O-O dxc4 8. dxc5
Qxd1 9. Rxd1 Bxc5 10. Bxc4 b5 11. Bf1 Bb7 12. a3 O-O 13. b4 Bb6 14. Bb2 Rfd8 15.
Rac1 Kf8 16. Ne2 Rxd1 17. Rxd1 Ke7 18. Ned4 Nxd4 19. Nxd4 Rc8 20. a4 bxa4 21.
Ra1 Nd5 22. Rxa4 Nc3 23. Ra1 Bxd4 24. exd4 Nb5 25. Bxb5 axb5 26. Ra7 Rc7 27. f3
f6 28. Kf2 Kd6 29. Ke3 Kc6 30. Ra3 Kd5 31. Kd3 Kd6 32. Rc3 Rxc3+ 33. Bxc3 1/2-1/2

[Event "Druzynowe Mistrzostwa Polski II Liga"]
[Site "Szklarska Poreba"]
[Date "1899-12-30"]
[Round "5.89"]
[White "Stoppel, Mariusz"]
[Black "Kowalski, Maciej"]
[Result "0-1"]
[WhiteTitle "I+"]
[BlackTitle "k"]
[WhiteElo "2027"]
[BlackElo "2060"]

1. e4 c5 2. Nc3 Nc6 3. f4 g6 4. Nf3 Bg7 5. Bc4 a6 6. a4 Nd4 7. O-O Rb8 8. d3 b5
9. Ba2 d6 10. f5 b4 11. Ne2 Nxf3+ 12. Rxf3 Nf6 13. Qe1 O-O 14. Qh4 d5 15. Bg5
h5 16. e5 Bxf5 17. Rxf5 gxf5 18. exf6 exf6 19. Bf4 Rb6 20. Rf1 Re8 21. Ng3 Qd7
22. Nxh5 Bh8 23. Qg3+ Kf8 24. a5 Rbe6 25. Qf3 c4 26. Bh6+ Kg8 27. Qxf5 Qa7+ 28.
Qf2 Qxf2+ 29. Kxf2 Re2+ 30. Kg3 Rxc2 31. dxc4 dxc4 32. Rf4 Re3+ 33. Kh4 Rxg2 34.
Bxc4 Rxh2+ 35. Kg4 Reh3 36. Nxf6+ Bxf6 37. Rxf6 Rxh6 38. Bxf7+ Kg7 39. Rf1 Rf6
40. Rxf6 Kxf6 41. Bc4 Rxb2 0-1

[Event "Druzynowe Mistrzostwa Polski II Liga"]
[Site "Szklarska Poreba"]
[Date "1899-12-30"]
[Round "5.90"]
[White "Gosciniak, Maria"]
[Black "Mackiewicz, Anna"]
[Result "1-0"]
[WhiteTitle "WFM"]
[BlackTitle "k+"]
[WhiteElo "2070"]
[BlackElo "1945"]

1. e4 e6 2. d4 d5 3. Nc3 Nf6 4. e5 Nfd7 5. f4 c5 6. Nf3 Nc6 7. Be3 cxd4 8. Nxd4
Bc5 9. Qd2 O-O 10. O-O-O a6 11. g4 Bxd4 12. Bxd4 b5 13. Kb1 b4 14. Na4 a5 15.
Bb5 Qc7 16. Rhe1 Ba6 17. Bxc6 Qxc6 18. b3 f5 19. Rg1 Bb5 20. Nb2 Rac8 21. Rg2
g6 22. Rdg1 fxg4 23. Rxg4 Rf5 24. Nd1 Nf8 25. Ne3 Rf7 26. h4 h5 27. Rg5 Rxf4 28.
Rxh5 Rf3 29. Rhg5 Kf7 30. R5g4 Ke8 31. R4g2 Rc7 32. Ng4 Kd8 33. Rf2 Rcf7 34. Nf6
Rxf2 35. Qxf2 Qa6 36. Bc5 Nd7 37. Rxg6 Nxe5 38. Rg8+ Kc7 39. Qf4 Kc6 40. Qxe5
Rxf6 41. Qd6+ Kb7 42. Rb8# 1-0

[Event "Druzynowe Mistrzostwa Polski II Liga"]
[Site "Szklarska Poreba"]
[Date "1899-12-30"]
[Round "5.91"]
[White "Zebracki, Tomasz"]
[Black "Maciejewski, Waldemar"]
[Result "1/2-1/2"]
[WhiteTitle "k"]
[BlackTitle "k"]
[WhiteElo "2188"]
[BlackElo "2107"]

1. d4 Nf6 2. Nc3 d5 3. Bg5 g6 4. Qd3 Bg7 5. O-O-O O-O 6. f3 c6 7. e4 Na6 8. h4
dxe4 9. fxe4 Qa5 10. Qd2 b5 11. e5 b4 12. Nb1 Nd5 13. Bc4 Nb6 14. Bb3 c5 15. h5
c4 16. Bh6 cxb3 17. hxg6 fxg6 18. Bxg7 Rf7 19. Rxh7 Rxg7 20. Qh6 Rxh7 21. Qxg6+
Rg7 22. Qe8+ Kh7 23. Qh5+ Kg8 24. Qe8+ Kh7 25. Qh5+ Kg8 26. Qe8+ Kh7 27. Qh5+
1/2-1/2

[Event "Druzynowe Mistrzostwa Polski II Liga"]
[Site "Szklarska Poreba"]
[Date "1899-12-30"]
[Round "5.92"]
[White "Lipien, Wieslaw"]
[Black "Paprocki, Jaroslaw"]
[Result "0-1"]
[WhiteTitle "I++"]
[BlackTitle "k"]
[WhiteElo "2030"]
[BlackElo "2161"]

1. e4 e5 2. Nf3 Nc6 3. Bb5 Bc5 4. O-O Nf6 5. d3 Nd4 6. Nxd4 Bxd4 7. c3 Bb6 8. Re1
c6 9. Bc4 d6 10. Bg5 h6 11. Bxf6 Qxf6 12. Qd2 h5 13. a4 a5 14. d4 Rh6 15. Na3
Rg6 16. Bf1 Be6 17. Nc2 Rd8 18. Ra3 Kf8 19. c4 Qe7 20. Rb3 Qc7 21. Rg3 Rxg3 22.
hxg3 Kg8 23. Qc3 exd4 24. Nxd4 Re8 25. Nf3 Bc5 26. Qc2 Bg4 27. Bd3 Qe7 28. Nh2
Be6 29. Qe2 Qf6 30. Qf3 Qe5 31. g4 h4 32. Nf1 Bc8 33. b3 g6 34. Ne3 Qc3 35. Qd1
Qf6 36. Qf3 Qg5 37. Rf1 Re6 38. Qe2 Rf6 39. Re1 Bxe3 40. Qxe3 Qxe3 41. Rxe3 Bxg4
42. f3 Bd7 43. Kf2 Re6 44. Re1 g5 45. Rh1 Rh6 46. Ke3 Kg7 47. Rd1 Kf6 48. c5 Ke5
49. cxd6 Rxd6 50. Rc1 b6 51. Bc4 f6 52. Rf1 b5 53. axb5 cxb5 54. Bd5 Be6 55. Bxe6
Kxe6 56. Rc1 a4 57. bxa4 bxa4 58. Ra1 Ra6 59. f4 g4 60. Kd4 a3 61. Ra2 h3 62.
gxh3 gxh3 63. f5+ Kd6 64. e5+ fxe5+ 65. Ke4 Ra4+ 66. Kf3 Rh4 0-1

[Event "Druzynowe Mistrzostwa Polski II Liga"]
[Site "Szklarska Poreba"]
[Date "1899-12-30"]
[Round "5.93"]
[White "Wisniewski, Przemyslaw"]
[Black "Kmiecik, Wojciech"]
[Result "1-0"]
[WhiteTitle "k"]
[BlackTitle "I+"]
[WhiteElo "2010"]
[BlackElo "1984"]

1. Nf3 d5 2. b3 c5 3. Bb2 Nc6 4. e3 Nf6 5. Bb5 e6 6. Bxc6+ bxc6 7. Ne5 Qc7 8. O-O
Bd6 9. f4 Ba6 10. d3 O-O 11. Rf3 Nd7 12. Rh3 f6 13. Nxd7 Qxd7 14. Qh5 g6 15. Qh4
Qe7 16. Nd2 Bc8 17. e4 e5 18. f5 gxf5 19. Rg3+ Kh8 20. Nf3 d4 21. Rf1 f4 22. Rg6
Qf7 23. Rh6 Be7 24. Ba3 Rg8 25. Kh1 Rg4 26. Qh5 Qxh5 27. Rxh5 Bd7 28. h3 Rg7 29.
Nh4 Rag8 30. Rf2 Be8 31. Rh6 Bd7 32. Rh5 Rg3 33. Nf5 Bxf5 34. Rxf5 Kg7 35. Bc1
Kg6 36. Rf3 Rxf3 37. gxf3 Kh6 38. Kh2 Rg3 39. Rxf4 exf4 40. Bxf4+ Rg5 41. h4 Kg6
42. hxg5 fxg5 43. Be5 a6 44. Kh3 Kh5 45. c3 dxc3 46. Bxc3 Bd6 47. Bb2 Bf4 48.
Bf6 Bd6 49. e5 Bc7 50. e6 Kg6 51. Bxg5 Bd6 52. Bd8 Be5 53. Kg4 Bb8 54. f4 Kg7
55. f5 Be5 56. Kg5 Bd4 57. f6+ Kg8 58. Be7 Be3+ 59. Kh5 1-0

[Event "Druzynowe Mistrzostwa Polski II Liga"]
[Site "Szklarska Poreba"]
[Date "1899-12-30"]
[Round "5.94"]
[White "Guziewicz, Wojciech"]
[Black "Rak, Tomasz"]
[Result "0-1"]
[WhiteTitle "I"]
[BlackTitle "k"]
[WhiteElo "1836"]
[BlackElo "2051"]

1. e4 c5 2. Nf3 Nc6 3. Nc3 g6 4. d3 Bg7 5. Rb1 Nf6 6. Be2 d5 7. exd5 Nxd5 8. Nxd5
Qxd5 9. b3 b6 10. O-O Bb7 11. Be3 h6 12. Ne1 e5 13. f4 f5 14. Bf3 Qd6 15. Qc1
O-O-O 16. c3 Kb8 17. a4 Rdg8 18. Bxc6 Qxc6 19. b4 g5 20. fxe5 f4 21. Bf2 cxb4
22. Rxb4 Bxe5 23. Bd4 Bxd4+ 24. Rxd4 Qc5 25. Kh1 Qf5 26. Rc4 Rc8 27. Rxc8+ Rxc8
28. c4 h5 29. Qd2 h4 30. Kg1 h3 31. Rf2 Re8 32. Nf3 hxg2 33. d4 g4 34. Ne1 f3
35. Nxg2 Qh5 36. Nf4 Qf5 37. Nd3 Re4 38. Ne5 Rf4 39. Qc2 Qxc2 40. Rxc2 Rxd4 41.
Kf2 Re4 42. Nd7+ Kc7 43. Nf6 Rf4 44. Nh5 Rd4 45. c5 Rxa4 46. cxb6+ Kxb6 47. Nf6
Ba6 48. Nd5+ Kb7 49. Rc7+ Kb8 50. Rc2 Ra1 51. Rb2+ Kc8 52. Rc2+ Kd8 53. Ne3 Ra4
54. Kg3 Be2 55. Kf2 Ke7 56. Kg3 Ke6 57. Rc6+ Ke5 58. Rc5+ Kd4 59. Rd5+ Kxe3 60.
Re5+ Kd2 61. Kf2 Ra1 62. Rd5+ Bd3 63. h3 Rf1+ 64. Kg3 Rg1+ 0-1

[Event "Druzynowe Mistrzostwa Polski II Liga"]
[Site "Szklarska Poreba"]
[Date "1899-12-30"]
[Round "5.95"]
[White "Budnik, Mateusz"]
[Black "Kmiecik, Emilia"]
[Result "0-1"]
[WhiteTitle "I++"]
[BlackTitle "I+"]
[WhiteElo "1935"]
[BlackElo "1786"]

1. e4 c5 2. Nf3 d6 3. d4 cxd4 4. Nxd4 Nf6 5. Nc3 g6 6. Be3 Bg7 7. f3 Nc6 8. Qd2
O-O 9. O-O-O Nxd4 10. Bxd4 a6 11. g4 Qa5 12. Kb1 Be6 13. Nd5 Qd8 14. Nxf6+ exf6
15. Bc3 Qb6 16. Be2 Rfd8 17. Ba5 Qc6 18. Bxd8 Rxd8 19. Rc1 Qa4 20. c4 Qc6 21.
h4 b6 22. h5 a5 23. Rhd1 a4 24. Qb4 Bh6 25. Rc3 Bf4 26. Qb5 Qa8 27. hxg6 hxg6
28. Ra3 Bd7 29. Qd5 Bc6 30. Qd4 Be5 31. Qe3 g5 32. b4 Bd7 33. b5 Qa7 34. Qd2 Be6
35. Qc2 Ra8 36. Rh1 Qa5 37. Kc1 Qb4 38. Rd3 Bxc4 39. Rd2 Rc8 40. Rd5 Bf4+ 41.
Kd1 Bxe2+ 0-1

[Event "Druzynowe Mistrzostwa Polski II Liga"]
[Site "Szklarska Poreba"]
[Date "1899-12-30"]
[Round "5.96"]
[White "Sandor, Aleksandra"]
[Black "Borkowska, Zuzanna"]
[Result "1-0"]
[WhiteTitle "I++"]
[BlackTitle "I"]
[WhiteElo "1905"]
[BlackElo "1634"]

1. e4 e5 2. Nc3 Nc6 3. Bc4 Nf6 4. Nge2 Bc5 5. O-O O-O 6. d3 Na5 7. Bg5 Nxc4 8.
dxc4 c6 9. a3 a5 10. Ng3 h6 11. Bd2 d6 12. Na4 Ba7 13. Qe1 Be6 14. b3 Ng4 15.
c5 dxc5 16. h3 Nf6 17. Bxa5 b6 18. Bc3 Qc7 19. Nb2 b5 20. Ba5 Bb6 21. Bxb6 Qxb6
22. Qc3 Rfe8 23. Nd3 Nd7 24. Kh1 c4 25. Nxe5 Nxe5 26. Qxe5 cxb3 27. Qb2 Bc4 28.
Nf5 f6 29. Rfd1 Qxf2 30. Rd7 Ra7 31. Rxa7 Qxa7 32. Nd6 Re5 33. Nxc4 bxc4 34. cxb3
Rb5 35. b4 c5 36. Qc3 Qf7 37. Rc1 cxb4 38. axb4 Qb7 39. Qxc4+ Kh7 40. Rb1 Re5
41. Qd3 Qxe4 42. Qxe4+ Rxe4 43. b5 Re7 44. b6 Rb7 45. Kg1 Kg6 46. Kf2 Kf5 47.
Ke3 Ke5 48. Rb5+ Kd6 49. Kd4 g6 50. Kc4 h5 51. Rb3 Kc6 52. Rb2 h4 53. Rb5 f5 54.
Rc5+ Kd6 55. Kb5 Rg7 56. Rc6+ Ke5 57. Rc7 Rg8 58. b7 Rb8 59. Kc6 g5 60. Rc8 Rxb7
61. Kxb7 Kf4 62. Rc3 g4 63. Kc6 Ke4 64. Kc5 g3 65. Kd6 1-0

[Event "Druzynowe Mistrzostwa Polski II Liga"]
[Site "Szklarska Poreba"]
[Date "1899-12-30"]
[Round "5.97"]
[White "Grochowalski, Pawel"]
[Black "Gierulski, Kamil"]
[Result "0-1"]
[WhiteTitle "k+"]
[BlackTitle "k+"]
[WhiteElo "2134"]
[BlackElo "2219"]

1. d4 Nf6 2. c4 g6 3. Nc3 Bg7 4. e4 d6 5. g3 O-O 6. Bg2 c5 7. d5 e6 8. Nge2 exd5
9. Nxd5 Nxd5 10. cxd5 b5 11. O-O Qb6 12. Qc2 Nd7 13. h3 Ne5 14. Rb1 f5 15. Nf4
Kh8 16. b3 b4 17. Bb2 Bd7 18. Ne6 Bxe6 19. dxe6 f4 20. gxf4 Rxf4 21. Bc1 Nf3+
22. Kh1 Nd4 23. Qc4 Rh4 24. e7 Qb7 25. Qf7 Qd7 26. Bg5 Rxh3+ 0-1

[Event "Druzynowe Mistrzostwa Polski II Liga"]
[Site "Szklarska Poreba"]
[Date "1899-12-30"]
[Round "5.98"]
[White "Ziemniak, Piotr"]
[Black "Baumann, Dariusz"]
[Result "0-1"]
[WhiteTitle "I"]
[BlackTitle "k"]
[WhiteElo "1801"]
[BlackElo "2067"]

1. e4 e5 2. Nc3 Nf6 3. Bc4 Bc5 4. d3 Nc6 5. Bg5 h6 6. Bxf6 Qxf6 7. Qf3 Qg6 8. Nge2
O-O 9. Qg3 Qf6 10. Nd5 Qd8 11. O-O d6 12. Kh1 Kh7 13. f4 f5 14. fxe5 dxe5 15.
exf5 Bxf5 16. Ne3 Bg6 17. Rxf8 Bxf8 18. Rf1 Bd6 19. Qg4 h5 20. Qh3 Qg5 21. Nf5
Rf8 22. Neg3 Nd4 23. Nh4 Rxf1+ 24. Nxf1 b5 25. Bb3 a5 26. Nxg6 Kxg6 27. Bd5 Nxc2
28. Be4+ Kf6 29. Qg3 Qxg3 30. Nxg3 g6 31. Ne2 b4 32. b3 Ne3 33. d4 exd4 34. Bd3
c5 35. Kg1 g5 36. g3 h4 37. gxh4 gxh4 38. h3 Bg3 39. Bb5 Ke5 40. Bd3 Kd5 41. Nxg3
hxg3 42. h4 Ke6 43. h5 a4 44. h6 Kf7 45. h7 Kg7 46. Kh1 a3 47. Kg1 c4 48. bxc4
b3 49. Bb1 d3 0-1

[Event "Druzynowe Mistrzostwa Polski II Liga"]
[Site "Szklarska Poreba"]
[Date "1899-12-30"]
[Round "5.99"]
[White "Kulinski, Krzysztof"]
[Black "Wozniak, Grzegorz"]
[Result "1/2-1/2"]
[WhiteTitle "k"]
[BlackTitle "I"]
[WhiteElo "2078"]
[BlackElo "1694"]

1. e4 e6 2. d3 d5 3. Nd2 c5 4. Ngf3 Nc6 5. g3 Nf6 6. Bg2 Be7 7. O-O O-O 8. Re1
d4 9. Nc4 b5 10. Nce5 Nxe5 11. Nxe5 Qc7 12. f4 Bb7 13. Bd2 Nd7 14. Nf3 e5 15.
Bh3 exf4 16. Bxf4 Qd8 17. a4 b4 18. a5 a6 19. e5 Bd5 20. Bf5 Nb8 21. h4 Nc6 22.
Ng5 Bxg5 23. Bxg5 Qc7 24. Bf4 g6 25. Be4 Bxe4 26. Rxe4 Qd7 27. Qf3 Qe6 28. Rae1
Ne7 29. Bg5 Nd5 30. Bf6 Rac8 31. Rf1 Rc6 32. Qe2 Qh3 33. Rf3 Nxf6 34. exf6 Re6
35. Qd2 Rxe4 36. dxe4 Kh8 37. Qh6 Rg8 38. Qg5 Qc8 39. Qd5 Qc7 40. Kg2 Rd8 41.
Qg5 Re8 42. Rf4 Qd6 43. Qg4 Re6 44. Qf3 Qc6 45. g4 Kg8 46. g5 Kf8 47. h5 Re5 48.
hxg6 Rxg5+ 49. Rg4 Rxg6 50. Rxg6 fxg6 51. f7 Qb7 52. Qf6 Qxe4+ 53. Kg3 Qe3+ 54.
Kg2 Qe2+ 55. Kg3 Qe3+ 56. Kg2 Qe4+ 57. Kg3 Qe1+ 58. Kg2 Qe7 59. Qxa6 Kxf7 60.
Qc4+ 1/2-1/2